|
|
|
|
| LEADER |
00000ny a22000003n 4500 |
| 005 |
20110617131823.0 |
| 008 |
100805s2010 sp || 000|0 spa d |
| 020 |
|
|
|a 9788481551303
|
| 035 |
|
|
|a 4961
|
| 040 |
|
|
|a BUS
|d vLex
|
| 080 |
|
|
|a 331.105.44(460)
|
| 080 |
|
|
|a 349.2(460)
|
| 090 |
|
|
|c 821
|d 821
|
| 100 |
1 |
|
|a Molero Manglano, Carlos
|
| 245 |
1 |
0 |
|a Derecho sindical
|h [Recurso electrn̤ico]
|c Carlos Molero Manglano
|
| 256 |
|
|
|a Servicio en ln̕ea
|
| 260 |
|
|
|a Madrid :
|b Dykinson,
|c 1996
|
| 506 |
1 |
|
|a Contenido solo disponible en los productos indicados
|d vLex Global
|d vLex Global (Academic Edition, excluding Law Schools)
|d vLex Global (U.S. Academic Edition, Law Schools)
|d vLex Global (U.S. Academic Edition, excluding Law Schools)
|d vLex Global (Academic Edition, Law Schools)
|
| 650 |
0 |
4 |
|a Sindicatos
|x Derecho
|z Espaą
|
| 740 |
0 |
|
|a vLex Libros (Servicios en ln̕ea)
|
| 856 |
4 |
0 |
|u http://vlex.com/source/4961
|z Acceso restringido
|
| 942 |
|
|
|c BOOK
|
| 999 |
0 |
|
|a Labor unions
|b Espaą
|